Manual ejecutivo tributario

Detalles Bibliográficos
Formato: eBook
Lenguaje:español
Publicado: [S.L.] : Edig, 2013 -
Materias:
Acceso en línea:Acceso restringido

MARC

LEADER 00000nam a22000007a 4500
005 20180503113414.0
007 cr|||| ||||
008 180503c20139999cl mr| s|||| 0|||b1spa d
035 |a 21378 
040 |a vLex 
090 |c 7898  |d 7898 
245 0 0 |a Manual ejecutivo tributario  |h [Recurso electrn̤ico] 
256 |a Servicio en ln̕ea 
260 |a [S.L.] :  |b Edig,  |c 2013 - 
300 |a 1 recurso electrn̤ico 
362 |a Nm︢. 1 (2013) - 
506 |a Disponible solo en los productos indicados  |d vLex Global  |d vLex Global (Academic Edition, excluding Law Schools)  |d vLex Global (U.S. Academic Edition, Law Schools)  |d vLex Global (U.S. Academic Edition, excluding Law Schools)  |d vLex Global (Academic Edition, Law Schools) 
650 0 4 |a Derecho tributario  |z Chile 
740 0 |a vLex Revistas (Servicio en ln̕ea) 
856 4 0 |u http://vlex.com/source/manual-ejecutivo-tributario-21378  |z Acceso restringido 
942 |c REV 
999 0 |a Tax Law